00293nam a2200121Ia 45000030006000000080041000060400015000471000018000622450034000802600028001145460012001420050017001540STCL150530s9999 xx 000 0 und d aSTCLcSTCL aWyatt Woodrow aWorlds greatest short stories bHome library clubc1952 aEnglish20220125170651.0